Statistics for Boggle The Country #1

Click here to take the quiz!

General Stats

  • This quiz has been taken 5 times
  • The average score is 114 of 125

Answer Stats

QuestionTileSelect% Correct
SenegalANo
100%
SyriaAYes
100%
KosovoANo
100%
KosovoANo
100%
SyriaANo
100%
SenegalANo
100%
SyriaBNo
100%
KosovoBNo
100%
KyrgyzstanDNo
100%
SenegalDNo
100%
AndorraDNo
100%
SyriaDNo
100%
SenegalENo
100%
AndorraENo
100%
AndorraENo
100%
SenegalENo
100%
SyriaENo
100%
KosovoENo
100%
SyriaENo
100%
SenegalENo
100%
KyrgyzstanENo
100%
SyriaENo
100%
SenegalENo
100%
KyrgyzstanFNo
100%
SenegalFNo
100%
SyriaFNo
100%
KyrgyzstanGNo
100%
SenegalGNo
100%
SenegalGYes
100%
SenegalGNo
100%
KosovoGNo
100%
AndorraHNo
100%
AndorraHNo
100%
SenegalHNo
100%
AndorraINo
100%
KyrgyzstanINo
100%
KosovoINo
100%
SyriaIYes
100%
SyriaINo
100%
KyrgyzstanKNo
100%
KyrgyzstanKNo
100%
SyriaLNo
100%
SyriaLNo
100%
SyriaLNo
100%
SenegalLNo
100%
KosovoLNo
100%
AndorraNNo
100%
SyriaNNo
100%
SenegalNNo
100%
AndorraONo
100%
AndorraOYes
100%
SenegalONo
100%
KosovoONo
100%
KyrgyzstanONo
100%
SyriaONo
100%
KyrgyzstanONo
100%
KosovoONo
100%
SyriaRNo
100%
AndorraRYes
100%
AndorraRNo
100%
SyriaRNo
100%
KosovoRNo
100%
AndorraRNo
100%
AndorraRYes
100%
KyrgyzstanRYes
100%
KyrgyzstanRNo
100%
SyriaRYes
100%
SenegalRNo
100%
SyriaSYes
100%
KosovoSNo
100%
SyriaSNo
100%
KosovoSNo
100%
SenegalTNo
100%
KosovoTNo
100%
AndorraTNo
100%
SyriaTNo
100%
AndorraTNo
100%
KyrgyzstanUNo
100%
AndorraUNo
100%
SenegalUNo
100%
AndorraVNo
100%
KosovoVNo
100%
KosovoVNo
100%
KosovoVNo
100%
AndorraWNo
100%
SenegalWNo
100%
AndorraXNo
100%
KyrgyzstanYYes
100%
SyriaYNo
100%
SyriaYYes
100%
KyrgyzstanYNo
100%
SyriaYNo
100%
SyriaZNo
100%
AndorraAYes
80%
SenegalAYes
80%
AndorraAYes
80%
AndorraDYes
80%
AndorraDNo
80%
SenegalEYes
80%
SenegalEYes
80%
KyrgyzstanGYes
80%
KyrgyzstanKYes
80%
KosovoKNo
80%
SenegalLYes
80%
AndorraNYes
80%
SenegalNYes
80%
AndorraNNo
80%
KosovoONo
80%
SenegalSYes
80%
KosovoSNo
80%
KyrgyzstanSNo
80%
KyrgyzstanYNo
80%
KyrgyzstanZNo
80%
KyrgyzstanAYes
60%
KyrgyzstanNYes
60%
KyrgyzstanSYes
60%
KyrgyzstanTYes
60%
KyrgyzstanYYes
60%
KyrgyzstanZYes
60%
KosovoKYes
40%
KosovoOYes
40%
KosovoSYes
40%
KosovoOYes
20%
KosovoOYes
20%
KosovoVYes
20%

Score Distribution

Percentile by Number Answered

Percent of People with Each Score

Your Score History

You have not taken this quiz